000 00580nam a2200193Ia 4500
005 20250326143611.0
008 250326s9999 xx 000 0 und d
020 _a1-59139-245-4
037 _aTextbook
040 _aFMSL
_beng
_cFMSL
041 _aeng
_2eng
084 _aX:74 P5
_qFMSL
100 _aHuselid M A
_9748248
245 0 _aWorkforce scorecard : managing human capital to execute strategy
_cHuselid M A And Others
260 _aBoston
_bBoston, Havard Business School
_c2005
300 _axx,278
942 _cTB
_hX:74 P5
999 _c1300223
_d1300223